Mathematical Methods 3rd Ed (Record no. 467371)

000 -LEADER
fixed length control field 00315 a2200133 4500
082 ## - DEWEY DECIMAL CLASSIFICATION NUMBER
Classification number 512.1 YUS
090 ## - LOCALLY ASSIGNED LC-TYPE CALL NUMBER (OCLC); LOCAL CALL NUMBER (RLIN)
-- 39103
-- 39103
100 ## - MAIN ENTRY--PERSONAL NAME
Personal name S M Yusuf
245 ## - TITLE STATEMENT
Title Mathematical Methods 3rd Ed
Medium English
250 ## - EDITION STATEMENT
Edition statement 3
260 ## - PUBLICATION, DISTRIBUTION, ETC.
Place of publication, distribution, etc. Lahore
Name of publisher, distributor, etc. Illmi Kitab Khana
Date of publication, distribution, etc. 2002
300 ## - PHYSICAL DESCRIPTION
Extent 554p
942 ## - ADDED ENTRY ELEMENTS (KOHA)
Institution code [OBSOLETE] CAE NUST
Call number prefix 512.1 YUS
Holdings
Withdrawn status Lost status Damaged status Not for loan Permanent Location Current Location Date acquired Total Checkouts Full call number Barcode Date last seen Price effective from Koha item type
        College of Aeronautical Engineering (CAE) College of Aeronautical Engineering (CAE) 03/30/2018   512.1 YUS CAE74021 03/30/2018 03/30/2018 Book
        College of Aeronautical Engineering (CAE) College of Aeronautical Engineering (CAE) 03/30/2018   512.1 YUS CAE74034 03/30/2018 03/30/2018 Book
        College of Aeronautical Engineering (CAE) College of Aeronautical Engineering (CAE) 03/30/2018   512.1 YUS CAE73995 03/30/2018 03/30/2018 Book
        College of Aeronautical Engineering (CAE) College of Aeronautical Engineering (CAE) 03/30/2018   512.1 YUS CAE74031 03/30/2018 03/30/2018 Book
        College of Aeronautical Engineering (CAE) College of Aeronautical Engineering (CAE) 03/30/2018   512.1 YUS CAE74004 03/30/2018 03/30/2018 Book
        College of Aeronautical Engineering (CAE) College of Aeronautical Engineering (CAE) 03/30/2018   512.1 YUS CAE74001 03/30/2018 03/30/2018 Book
        College of Aeronautical Engineering (CAE) College of Aeronautical Engineering (CAE) 03/30/2018   512.1 YUS CAE74018 03/30/2018 03/30/2018 Book
        College of Aeronautical Engineering (CAE) College of Aeronautical Engineering (CAE) 03/30/2018   512.1 YUS CAE51672 03/30/2018 03/30/2018 Book
© 2023 Central Library, National University of Sciences and Technology. All Rights Reserved.